| 000 | 01850nam a22003373i 4500 | ||
|---|---|---|---|
| 001 | BDZ0049720126 | ||
| 003 | StDuBDS | ||
| 005 | 20230721110954.0 | ||
| 007 | cr|||||||||||| | ||
| 008 | 211111s2021 enk go 000|0|ger d | ||
| 020 |
_a9783658358761 : _c3.99 |
||
| 040 |
_aStDuBDS _beng _erda _cStDuBDS |
||
| 072 | 7 |
_aKFFR _2bicssc |
|
| 072 | 7 |
_aFIN _2ukslc |
|
| 072 | 7 |
_aKFFR _2thema |
|
| 100 | 1 |
_aGerd Niklas, Koster, _eauthor. |
|
| 245 | 1 | 0 |
_aProjektentwicklung von Immobilien : _bGrundlagenwissen und Handlungsempfehlungen / _cKoster Gerd Niklas. |
| 264 | 1 |
_bSpringer Fachmedien Wiesbaden, _c2021. |
|
| 300 | _a1 online resource | ||
| 336 |
_atext _2rdacontent |
||
| 337 |
_aunmediated _2rdamedia |
||
| 338 |
_avolume _2rdacarrier |
||
| 366 |
_b20211028 _cAvailable |
||
| 520 | 8 | _aDiesesessentialvermittelt den Projektentwicklungsprozess von Immobilien. Damit verhilft es seinem Leser zu einem erfolgreichen Einstieg in das Themengebiet der Immobilien-Projektentwicklung. Um dies zu gewahrleisten, werden die wesentlichen Risiko- und Erfolgsfaktoren einer Projektentwicklung praxisnah erlautert. Der Leser erhalt so eine vollumfangliche Hilfestellung zur Steuerung von Projektentwicklungsprozessen, vom Grundstucksankauf bis hin zur Projektvermarktung. Hierfur stellt dasessentialeine Vielzahl von Checklisten und Fallbeispielen zur Verfugung.Gleichzeitig liefert es eine Handlungsempfehlung fur die eigenstandige Umsetzung von Bauprojekten. Damit uberbringt es seinem Leser bedeutsames Spezialwissen zur erfolgreichen Projektentwicklung von Immobilien. | |
| 650 | 7 | _aACCOUNTING | |
| 650 | 7 | _aEBOOK | |
| 650 | 7 | _aREAL ESTATE | |
| 662 | _aGERMANY | ||
| 856 | 4 | 0 |
_uhttps://www.vlebooks.com/product/openreader?id=RICS&accId=9491556&isbn=9783658358761 _zView on VLEbooks. Logins for members only from [email protected] |
| 942 | _2ddc | ||
| 999 |
_c121618 _d121618 |
||